000 00770nam a22001697a 4500
999 _c15081
_d15081
003 OSt
082 _2631.3 AMB/DE
088 _aP 136
100 _aAMBILY S. PRASAD
_aGISS MERIN VARGHESE
_aSAIDALAVI M
_92482
245 _aDevelopment and evaluation of tractor operated ditcher cum bed-former for pineapple cultivation
260 _aTavanur 2003
_bKelappaji College of Agricultural Engineering and Technology
300 _a38
500 _aDevelopment and evaluation of tractor operated ditcher cum bed-former for pineapple cultivation
520 _athe main components of the prototype unit of the tractor operated pineapple ditcher cum bed-former are a mould board, standard, levellers and main frame,
700 _aDr. V. R Ramachandran (Guide)
_92483
942 _cPR